| 000 | 00644nam a2200205Ia 4500 | ||
|---|---|---|---|
| 003 | IN-BaIIA | ||
| 008 | 211028s9999 xx 000 0 eng d | ||
| 020 | _a0-7923-6946-7 | ||
| 040 | _cIIA Library | ||
| 080 |
_a52(082.1) _bASS-261 |
||
| 245 | 0 |
_aCollisional processes in the solar system _cedited by Mikhail Ya Marov and Hans Rickman |
|
| 260 |
_aDordrecht _bKluwer Academic _c2001 |
||
| 300 | _ax, 357p. | ||
| 490 | _aAstrophysics and space science library; v. 261 | ||
| 650 |
_aCollisional processes _925747 |
||
| 650 | _aSolar system | ||
| 700 |
_aMarov, Mikhail Ya, ed. _925748 |
||
| 700 |
_aRickman, Hans., ed. _925749 |
||
| 942 | _cBK | ||
| 999 |
_c14499 _d14499 |
||